Guess the City by Its History - Statistics

General Stats
  • This quiz has been taken 68 times
  • The average score is 19 of 21
Answer Stats
Hint Answer % Correct
Which city was the center of ancient Greek democracy and philosophy, and became the modern capital of Greece? Athens
97%
Which city experienced creative chaos in the Weimar years, was devastated in WWII, and reunified after its wall fell? Berlin
95%
Which city was rebuilt after the Great Fire, grew during the British Empire, and became the world’s largest by the 1800s? London
95%
Which city was the Byzantine capital under Justinian, later the Ottoman capital, and reformed in the 1800s? Istanbul
94%
Which city was the Heian-era imperial capital of Japan and remains a cultural heart despite losing its capital status? Kyoto
94%
Which city grew as an industrial and immigrant hub in the 1920s and was transformed after 9/11? New York
94%
Which city grew during the Gold Rush, was rebuilt after the 1906 earthquake, and became a center for counterculture and tech? San Francisco
94%
Which city was a Dutch Golden Age port, banking hub, and grew industrially in the 1800s? Amsterdam
92%
Which city was the trade and learning center of the Mali Empire, famous for its manuscripts, until weakened by invasion? Timbuktu
92%
Which city was the Mongol capital under Kublai Khan, and later the imperial core of China, rebuilt by the Ming dynasty? Beijing
90%
Which city is the birthplace of the Renaissance, ruled by the Medici, and a cultural jewel in Tuscany? Florence
90%
Which city launched the Portuguese Age of Discovery and returned to democracy after 1974? Lisbon
90%
Which city was a key Incan capital, famed for its stone architecture and mountain setting? Cusco
89%
Which Aztec city had vast temples and canals and was conquered by Cortés in 1521? Tenochtitlan
89%
Which city was a major center of Islamic culture and learning, as well as a key medieval trade hub in Egypt? Cairo
87%
Which city was the intellectual center of Islamic Spain and the Umayyad capital until the Reconquista? Córdoba
87%
Which city ended the Roman Republic, rose under Augustus, and was transformed by Constantine? Rome
87%
Which city was the Abbasid capital, a center of Islamic scholarship, destroyed by the Mongols in 1258? Baghdad
84%
Which city was the heart of royal absolutism, the Enlightenment, and revolution before being rebuilt in the 1800s? Paris
84%
Which maritime republic was famous for Renaissance art and trade but declined after its diplomatic peak? Venice
79%
Which city was the capital of the Joseon dynasty, devastated by war, and rebuilt as a modern metropolis? Seoul
77%
No matching quizzes found
Score Distribution
Percent of People with Each Score
Percentile by Number Answered
Your Score History
You have not taken this quiz